000 00387nam a2200145Ia 4500
008 210210b2002 xxu||||| |||| 00| 0 eng d
082 _a891.462 FERM
100 _aFERNANDES (Francis).
245 _aMaldisanv. (kaliz kadanvcho ek samajik natak). Ed 1.
250 _a
260 _aMumbai.
_bAshley Prakashan.,
_c2002
300 _axii,68
690 _aKonkani Drama
906 _a057996
999 _c105617
_d105617